MARC details
| 000 -CABECERA |
| campo de control de longitud fija |
00986nam a2200289 a 4500 |
| 001 - NÚMERO DE CONTROL |
| campo de control |
000019530 |
| 003 - IDENTIFICADOR DEL NÚMERO DE CONTROL |
| campo de control |
DO-SdBNP |
| 005 - FECHA Y HORA DE LA ÚLTIMA TRANSACCIÓN |
| campo de control |
20260414203044.0 |
| 008 - DATOS DE LONGITUD FIJA--INFORMACIÓN GENERAL |
| campo de control de longitud fija |
100630s2007 es abc 001 0 spa d |
| 020 ## - NÚMERO INTERNACIONAL ESTÁNDAR DEL LIBRO |
| Número Internacional Estándar del Libro |
9788497649599 |
| 040 ## - FUENTE DE LA CATALOGACIÓN |
| Centro catalogador/agencia de origen |
DO-SdBNP |
| Lengua de catalogación |
spa |
| Centro/agencia transcriptor |
BNPHU |
| 049 ## - FONDOS LOCALES (OCLC) |
| Fondos de biblioteca |
BNPHU |
| 082 ## - NÚMERO DE LA CLASIFICACIÓN DECIMAL DEWEY |
| Número de clasificación |
932 |
| 245 00 - MENCIÓN DE TÍTULO |
| Título |
Lugares sagrado del antiguo Egipto : |
| Resto del título |
una guía ilustrada de los templos y las tumbas de los faraones / |
| Mención de responsabilidad, etc. |
editor, Joanna Lorenz ; ilustración, Chris Orr ; coordinadora, Ann Childers. |
| 260 ## - PUBLICACIÓN, DISTRIBUCIÓN, ETC. |
| Lugar de publicación, distribución, etc. |
Madrid : |
| Nombre del editor, distribuidor, etc. |
Edimat Libros, |
| Fecha de publicación, distribución, etc. |
2007. |
| 300 ## - DESCRIPCIÓN FÍSICA |
| Extensión |
256 p. : |
| Otras características físicas |
il., map., retrs. ; |
| Dimensiones |
31 cm. |
| 650 #4 - PUNTO DE ACCESO ADICIONAL DE MATERIA--TÉRMINO DE MATERIA |
| Término de materia o nombre geográfico como elemento de entrada |
Templos |
| Subdivisión geográfica |
Egipto |
| 9 (RLIN) |
41902 |
| 650 #4 - PUNTO DE ACCESO ADICIONAL DE MATERIA--TÉRMINO DE MATERIA |
| Término de materia o nombre geográfico como elemento de entrada |
Pirámides |
| Subdivisión geográfica |
Egipto |
| 9 (RLIN) |
41903 |
| 650 #4 - PUNTO DE ACCESO ADICIONAL DE MATERIA--TÉRMINO DE MATERIA |
| Término de materia o nombre geográfico como elemento de entrada |
Tumbas |
| 9 (RLIN) |
41904 |
| 650 #0 - PUNTO DE ACCESO ADICIONAL DE MATERIA--TÉRMINO DE MATERIA |
| Término de materia o nombre geográfico como elemento de entrada |
Arquitectura antigua |
| 9 (RLIN) |
41905 |
| Subdivisión geográfica |
Egipto |
| 650 #4 - PUNTO DE ACCESO ADICIONAL DE MATERIA--TÉRMINO DE MATERIA |
| Término de materia o nombre geográfico como elemento de entrada |
Lugares sagrados |
| Subdivisión geográfica |
Egipto |
| 9 (RLIN) |
41907 |
| 651 #4 - PUNTO DE ACCESO ADICIONAL DE MATERIA--NOMBRE GEOGRÁFICO |
| Nombre geográfico |
Faraones |
| 9 (RLIN) |
41906 |
| 700 1# - PUNTO DE ACCESO ADICIONAL--NOMBRE DE PERSONA |
| Nombre de persona |
Lorenz, Joanna |
| Término indicativo de función/relación |
ed. |
| 9 (RLIN) |
41908 |
| 700 1# - PUNTO DE ACCESO ADICIONAL--NOMBRE DE PERSONA |
| Nombre de persona |
Orr, Chris |
| Término indicativo de función/relación |
il. |
| 9 (RLIN) |
41909 |
| 700 1# - PUNTO DE ACCESO ADICIONAL--NOMBRE DE PERSONA |
| Nombre de persona |
Childers, Ann |
| Término indicativo de función/relación |
coor. |
| 9 (RLIN) |
41910 |
| 942 ## - ELEMENTOS DE PUNTO DE ACCESO ADICIONAL (KOHA) |
| Fuente del sistema de clasificación o colocación |
Dewey Decimal Classification |
| Tipo de ítem Koha |
Libro |